Les Simpson - Seymour - Statistiques

Statistiques générales
  • Ce quiz a été pris 84 fois
  • Le résultat moyen est 6 sur 10
Statistiques - réponses
Question Réponse % Correct
Quel est son statut à l'école élémentaire de Springfield ? principal
100%
Avec qui est-il déjà sorti ? Edna
96%
À quoi est-il allergique ? les cacahuètes
96%
De quelle guerre est-il un vétéran ? la guerre du Viêt Nam
81%
Le Seymour Skinner actuel est en réalité un imposteur. Quel est son véritable nom ? Armin Tamzarian
58%
Skinner était un proviseur agréable à ses débuts, mais il est devenu strict et sévère à cause d'une mauvaise blague. Qui en était à l'origine ? Andy Hamilton
50%
Qui était le véritable Seymour Skinner pour lui ? son sergent
50%
Pour quelle science a-t-il une passion ? l'astronomie
35%
De quel groupe ne fait-il ou n'a-t-il pas fait partie ? Les potes de la quille
31%
De quelle saga est-il fan ? Star Wars
12%
Aucun quiz correspondant
Distribution des résultats
% des personnes avec chaque résultat
Percentile par nombre de réponses
Votre historique - résultats
Vous n’avez pas pris ce quiz